Cinéma en 60 clics : Assassin ou Victime ? (Alerte Spoils) - Statistiques

Statistiques générales
  • Ce quiz a été pris 192 fois
  • Le résultat moyen est 38 sur 60
Statistiques - réponses
Hint Extra Hint Réponse % Correct
Hannibal Lecter (Le Silence des Agneaux 1991) Assassin (tue peu importe le contexte et l'issue)
92%
Arthur Fleck (Joker 2019) Assassin (tue peu importe le contexte et l'issue)
88%
John Doe (Seven 1995) Assassin (tue peu importe le contexte et l'issue)
86%
Art (Terrifier 2016) Assassin (tue peu importe le contexte et l'issue)
86%
Jack Torrance (Shining 1980) Assassin (tue peu importe le contexte et l'issue)
85%
John Coffey (La Ligne verte 1999) Victime (ne tue pas et se fait tuer)
81%
Tracy Mills (Seven 1995) Victime (ne tue pas et se fait tuer)
80%
Anton Chigurh (No Country for Old Men 2007) Assassin (tue peu importe le contexte et l'issue)
79%
Daryll Lee Cullum (Copycat 1995) Assassin (tue peu importe le contexte et l'issue)
79%
Pierre Valdeck (Peur sur la ville 1975) Assassin (tue peu importe le contexte et l'issue)
79%
Marion Crane (Psychose 1960) Victime (ne tue pas et se fait tuer)
79%
Murray Franklin (Joker 2019) Victime (ne tue pas et se fait tuer)
78%
Bill Brown (Vendredi 13 1980) Victime (ne tue pas et se fait tuer)
75%
Hélène Grammont (Peur sur la ville 1975) Victime (ne tue pas et se fait tuer)
75%
Frank Zito (Maniac 2012) Assassin (tue peu importe le contexte et l'issue)
74%
Norman Bates (Psychose 1960) Assassin (tue peu importe le contexte et l'issue)
74%
Marcie Stanler Cunningham (Vendredi 13 1980) Victime (ne tue pas et se fait tuer)
74%
Judy (Massacre au camp d'été / Sleepaway Camp 1983) Victime (ne tue pas et se fait tuer)
74%
Jim Pembry (Le Silence des Agneaux 1991) Victime (ne tue pas et se fait tuer)
74%
Dick Halloran (Shining 1980) Victime (ne tue pas et se fait tuer)
73%
Michael Myers (Halloween : La Nuit des masques 1978) Assassin (tue peu importe le contexte et l'issue)
72%
William « Billy the Kid » Wharton (La Ligne verte 1999) Assassin (tue peu importe le contexte et l'issue)
72%
Kristy Earl (Wolf Creek 2005) Victime (ne tue pas et se fait tuer)
72%
Jame « Buffalo Bill » Gumb (Le Silence des Agneaux 1991) Assassin (tue peu importe le contexte et l'issue)
71%
Annie Brackett (Halloween : La Nuit des masques 1978) Victime (ne tue pas et se fait tuer)
71%
Tatum Riley (Scream 1996) Victime (ne tue pas et se fait tuer)
70%
Bob Simms (Halloween : La Nuit des masques 1978) Victime (ne tue pas et se fait tuer)
70%
Greg Portman (Bodyguard 1993) Assassin (tue peu importe le contexte et l'issue)
69%
Elsa Shivers (Souviens-toi l'été dernier 1997) Victime (ne tue pas et se fait tuer)
69%
Billy Loomis (Scream 1996) Assassin (tue peu importe le contexte et l'issue)
67%
Frank (Il était une fois dans l'Ouest 1968) Assassin (tue peu importe le contexte et l'issue)
67%
Paul (Funny Games U.S. 2007) Assassin (tue peu importe le contexte et l'issue)
66%
Benjamin Willis (Souviens-toi l'été dernier 1997) Assassin (tue peu importe le contexte et l'issue)
65%
Arthur Himbry (Scream 1996) Victime (ne tue pas et se fait tuer)
65%
Peter (Funny Games U.S. 2007) Assassin (tue peu importe le contexte et l'issue)
64%
Franck (La prochaine fois je viserai le cœur 2014) Assassin (tue peu importe le contexte et l'issue)
64%
Paul (Massacre au camp d'été / Sleepaway Camp 1983) Victime (ne tue pas et se fait tuer)
62%
Byron T. Hadley (Les évadés 1994) Assassin (tue peu importe le contexte et l'issue)
61%
Ellison Oswalt (Sinister 2012) Victime (ne tue pas et se fait tuer)
61%
Kerry Isalano (The Killing Room 2009) Victime (ne tue pas et se fait tuer)
61%
Tommy (Titanic 1997) Victime (ne tue pas et se fait tuer)
58%
Milton Arbogast (Psychose 1960) Victime (ne tue pas et se fait tuer)
58%
Mick Taylor (Wolf Creek 2005) Assassin (tue peu importe le contexte et l'issue)
57%
Lucie (Maniac 2012) Victime (ne tue pas et se fait tuer)
56%
Steve (Terrifier 2016) Victime (ne tue pas et se fait tuer)
56%
Randall Kleinmanhoffer (Joker 2019) Victime (ne tue pas et se fait tuer)
55%
Stu Macher (Scream 1996) Assassin (tue peu importe le contexte et l'issue)
51%
Dr Phillips (The Killing Room 2009) Assassin (tue peu importe le contexte et l'issue)
51%
Peter Foley (Copycat 1995) Assassin (tue peu importe le contexte et l'issue)
49%
Max Neurick (Souviens-toi l'été dernier 1997) Victime (ne tue pas et se fait tuer)
47%
Murdoch (Titanic 1997) Assassin (tue peu importe le contexte et l'issue)
46%
Damon Brooks (Urban Legend 1998) Victime (ne tue pas et se fait tuer)
46%
Tosh Guarneri (Urban Legend 1998) Victime (ne tue pas et se fait tuer)
46%
Ashley Oswalt (Sinister 2012) Assassin (tue peu importe le contexte et l'issue)
44%
Tommy Williams (Les évadés 1994) Victime (ne tue pas et se fait tuer)
38%
George (Funny Games U.S. 2007) Victime (ne tue pas et se fait tuer)
33%
Peter McBain (Il était une fois dans l'Ouest 1968) Victime (ne tue pas et se fait tuer)
32%
Pamela Voorhees (Vendredi 13 1980) Assassin (tue peu importe le contexte et l'issue)
26%
Brenda Bates (Urban Legend 1998) Assassin (tue peu importe le contexte et l'issue)
25%
Angela (Massacre au camp d'été / Sleepaway Camp 1983) Assassin (tue peu importe le contexte et l'issue)
20%
Aucun quiz correspondant
Distribution des résultats
% des personnes avec chaque résultat
Percentile par nombre de réponses
Votre historique - résultats
Vous n’avez pas pris ce quiz